Dharmnirpeksh bharatiya loktantra ayodhya gujrat paridrishya (Record no. 439352)

000 -LEADER
fixed length control field 00395cam a22001217a 4500
008 - FIXED-LENGTH DATA ELEMENTS--GENERAL INFORMATION
fixed length control field 180718b2003 xxu||||| |||| 00| 0 eng d
020 ## - INTERNATIONAL STANDARD BOOK NUMBER
International Standard Book Number 81 8152 060 2
100 ## - MAIN ENTRY--PERSONAL NAME
Personal name Rattu, Krishan Kumar
245 ## - TITLE STATEMENT
Title Dharmnirpeksh bharatiya loktantra ayodhya gujrat paridrishya
Statement of responsibility, etc. by Krishan Kumar Rattu
260 ## - PUBLICATION, DISTRIBUTION, ETC.
Place of publication, distribution, etc. Jaipur
Name of publisher, distributor, etc. Book Enclave
Date of publication, distribution, etc. 2003
300 ## - PHYSICAL DESCRIPTION
Extent 454p.
650 ## - SUBJECT ADDED ENTRY--TOPICAL TERM
Topical term or geographic name entry element Political science - Indian Democracy
Holdings
Withdrawn status Lost status Damaged status Not for loan Permanent Location Current Location Date acquired Barcode Date last seen Price effective from Koha item type
        Indian Institute of Public Administration Indian Institute of Public Administration 2010-04-27 78922 2018-07-21 2018-07-21 Book

Powered by Koha